Analyser les discours publicitaires (notice n° 1566217)

détails MARC
000 -LEADER
fixed length control field 01562cam a2200133 4500500
005 - DATE AND TIME OF LATEST TRANSACTION
control field 20251214001511.0
041 ## - LANGUAGE CODE
Language code of text/sound track or separate title fre
042 ## - AUTHENTICATION CODE
Authentication code dc
100 10 - MAIN ENTRY--PERSONAL NAME
Personal name Berthelot-Guiet, Karine
Relator term author
245 00 - TITLE STATEMENT
Title Analyser les discours publicitaires
260 ## - PUBLICATION, DISTRIBUTION, ETC.
Name of publisher, distributor, etc. Armand Colin,<br/>
Date of publication, distribution, etc. 2015.<br/>
520 ## - SUMMARY, ETC.
Summary, etc. Analyser les discours publicitaires est nécessaire, pour qui veut comprendre des productions qui circulent aujourd’hui dans les médias et la société française.Affiches, annonces de presse, spots radio et films TV, sites Internet… accompagnent la vie quotidienne contemporaine.Pourtant, comprendre comment le sens vient aux publicités est complexe : ni simple analyse de l’image, ni analyse linguistique, sociologique, historique ou économique. Les discours publicitaires ne peuvent être embrassés que par une conjonction de ces aspects pour aborder leur principe communicationnel essentiel, l’affirmation d’existence.C’est pourquoi l’ouvrage propose d’une part, des guides qui reposent sur une approche sémio-communicationnelle et, d’autre part, des analyses mettant en exergue certains discours dans des supports médiatiques très variés (annonces de presse, films diffusés à la télévision, au cinéma et sur Internet, pages dédiées à certaines marques dans les médias sociaux).Ce livre s’adresse à tous les étudiants en sciences humaines et sociales et aux professionnels du domaine.
856 41 - ELECTRONIC LOCATION AND ACCESS
Uniform Resource Identifier <a href="https://shs.cairn.info/analyser-les-discours-publicitaires--9782200601256?lang=fr&redirect-ssocas=7080">https://shs.cairn.info/analyser-les-discours-publicitaires--9782200601256?lang=fr&redirect-ssocas=7080</a>

Pas d'exemplaire disponible.

PLUDOC

PLUDOC est la plateforme unique et centralisée de gestion des bibliothèques physiques et numériques de Guinée administré par le CEDUST. Elle est la plus grande base de données de ressources documentaires pour les Étudiants, Enseignants chercheurs et Chercheurs de Guinée.

Adresse

627 919 101/664 919 101

25 boulevard du commerce
Kaloum, Conakry, Guinée

Réseaux sociaux

Powered by Netsen Group @ 2025